000 00715nam a2200241 i 4500
001 000021479
003 DO-SdBNP
005 20240726102935.0
007 ta
008 100908s2021 dr c 000 0 spa d
040 _aDO-SdBNP
_bspa
_cBNPHU
_erda
082 4 _bD542c
_222
100 _aDíaz, Rafael,
_d1960-
_924865
_eautor
245 1 0 _aCompendio gramatical de la lengua inglesa :
_bmaster book /
_cRafael Díaz
264 _aSanto Domingo :
_bCEFO,
_c2021.
300 _a601 páginas :
_bilustraciones ;
_c28 cm.
336 _2rdacontent
_atexto
_btxt
337 _2rdamedia
_asin mediación
_bn
338 _2rdacarrier
_avolumen
_bnc
590 _aInventariado, 2022 / DG
910 _aDG
942 _2ddc
_cLBS1
999 _c52705
_d52705